Normal view
MARC view
- Baker, Richard W.
Entry Personal Name
001 - CONTROL NUMBER
- control field: 7411
003 - CONTROL NUMBER IDENTIFIER
- control field: NUST
005 - DATE AND TIME OF LATEST TRANSACTION
- control field: 20171218104153.0
008 - FIXED-LENGTH DATA ELEMENTS
- fixed length control field: 171218|| aca||aabn | a|a d
040 ## - CATALOGING SOURCE
- Original cataloging agency: NUST
- Transcribing agency: NUST
100 ## - HEADING--PERSONAL NAME
- Personal name: Baker, Richard W.
- Fuller form of name: (Richard William),
- Dates associated with a name: 1941-
670 ## - SOURCE DATA FOUND
- Source citation: Work cat.: (NUST)0: Baker, Richard W. (Richard William), 1941-, Membrane technology and applications /, c2004.
